| 000 | 00677cam a2200229 4500 | ||
|---|---|---|---|
| 001 | J2438 | ||
| 008 | 090401t1994 xxu||||| |||| 00| 0 eng d | ||
| 035 | _a(Sirsi) u49049 | ||
| 041 | _aeng | ||
| 050 | _a346.4104346 | ||
| 110 |
_aIncorporated Society of Valuers and Auctioneers _91201 |
||
| 245 | _aLeasehold Reform, Housing and Urban Development Act 1993: guidance notes. | ||
| 260 |
_aLondon _bISVA _c1994 |
||
| 300 | _a91p. ; 30cm. | ||
| 350 | _a15 | ||
| 650 | _aLEASEHOLD REFORM, HOUSING AND URBAN DEVELOPMENT ACT 1993 | ||
| 650 | _aPROPERTY MANAGERS | ||
| 650 | _aVALUERS | ||
| 690 | _aLANDLORD AND TENANT-LEASEHOLD REFORM | ||
| 942 | _n0 | ||
| 948 | _c04/03/1997 | ||
| 999 |
_c92474 _d92474 |
||